01878nam a2200289 i 4500003000900000005001700009007000300026008004100029040003000070041000800100082002400108110004200132245027100174264010100445300006700546336002700613337003400640338003000674505060200704700003501306700003601341700003701377700005001414700004001464700004101504700004301545DO-SdBNP20250602113424.0ta250602b2024 dr abc|| |||| 00| 0 spa d aDO-SdBNPbspacBNPHUerda aspa 4axxxbF294L 2024222 aFederación Dominicana de municipios10aLogros de fedomu 2024 /cFederación Dominicana de Municipios ; redacción, Cintya Aquino, Félix Santos, Yvelisse Báez ; revisión y estilo, Eladio Pichardo, Magdalena Díaz de Mazara ; fotografías, Jonathan Aquino ; diseño gráfico, Breanna Rodríguez aSanto Domingo, República Dominicana :bFederación Dominicana de Municipios (Fedomu), c2024. a115 páginas :bilustraciones, fotografías, mapas ;c23 cm. atextobtxt2rdacontent asin mediación bn2rdamedia avolumen bnc2rdacarrier aPalabras del presidente, 9.-- Palabras de la directora ejecutiva, 10.-- Palabras del pasado presidente, 11.-- Filosofía institucional, 12.-- XXII Asamblea General de Municipios y conformación del consejo directivo 2022-2024, 15.-- Incidencia para el posicionamiento de los municipios y la protección de la autonomía local, 21.-- Articulación interinstitucional, 33.-- Capacitación, acompañamiento y asistencia técnica, 43.-- Proyectos de cooperación, 63.-- Relaciones internacionales, 83.-- Fortalecimiento institucional, 99.-- Fedomu en el territorio, 109.-- Publicaciones, 114.1 aAquino, Cintyaeredactor4red.1 aSantos, Félixeredactor4red.1 aBáez, Yvelisseeredactor4red.1 aDíaz de Mazara, Magdalenaerevisión4rev.1 aPichardo, Eladioerevisión 4rev.1 aAquino, Jonathanefotógrafo 4fot.1 aRodríguez, Breannaediseñador4di.